| 000 | 00799nam a2200265ra 4500 | ||
|---|---|---|---|
| 001 | 25436 | ||
| 003 | BD-RjUL | ||
| 005 | 20211209050859.0 | ||
| 008 | 140318r19511950enk 001 0 eng d | ||
| 035 | _a(BD-RjUL)25506 | ||
| 040 |
_aNZOC _beng _cNZOC _dNZOC _dBD-RjUL |
||
| 041 | _aeng | ||
| 082 | 0 | 0 |
_a943.08092 _bEYB 1951 |
| 100 | 1 |
_aEyck, Erich, _d1878-1964. _978207 |
|
| 245 | 1 | 0 |
_aBismarck and the German empire / _cErich Eyck |
| 260 |
_aLondon : _bAllen & Unwin, _c1951. |
||
| 300 |
_ax, 11-327 p. ; _c23 cm. |
||
| 504 | _aIncludes index. | ||
| 600 | 1 | 0 |
_aBismarck, Otto, _cFurst von, _d1815-1898. _978217 |
| 650 | 0 |
_aStatesmen _zGermany _xBiography. _977157 |
|
| 651 | 0 |
_aGermany _xPolitics and government _y1789-1900. _978209 |
|
| 942 |
_2ddc _cBK |
||
| 999 |
_c25436 _d25436 |
||